|
|
|
|
| LEADER |
01900nam a2200481Ia 4500 |
| 001 |
EBC459414 |
| 003 |
MiAaPQ |
| 005 |
20200520144314.0 |
| 006 |
m o d | |
| 007 |
cr cn||||||||| |
| 008 |
070213s2008 dcua sb 000 0 eng d |
| 010 |
|
|
|z 2008299013
|
| 020 |
|
|
|z 0821369210
|
| 020 |
|
|
|z 9780821369210
|
| 020 |
|
|
|a 0821369229 (electronic bk.)
|
| 020 |
|
|
|a 9780821369227 (electronic bk.)
|
| 035 |
|
|
|a (MiAaPQ)EBC459414
|
| 035 |
|
|
|a (Au-PeEL)EBL459414
|
| 035 |
|
|
|a (CaPaEBR)ebr10231587
|
| 035 |
|
|
|a (CaONFJC)MIL138578
|
| 035 |
|
|
|a (OCoLC)560525782
|
| 040 |
|
|
|a MiAaPQ
|c MiAaPQ
|d MiAaPQ
|
| 050 |
|
4 |
|a HC79.I55
|b K896 2008
|
| 100 |
1 |
|
|a Kuznetsov, Yevgeny
|q (Yevgeny N.),
|d 1964-
|
| 245 |
1 |
0 |
|a Mexico's transition to a knowledge-based economy
|h [electronic resource] :
|b challenges and opportunities /
|c Yevgeny Kuznetsov, Carl J. Dahlman.
|
| 260 |
|
|
|a Washington, D.C. :
|b World Bank,
|c c2008.
|
| 300 |
|
|
|a xiii, 170 p. :
|b ill.
|
| 490 |
1 |
|
|a WBI development studies
|
| 504 |
|
|
|a Includes bibliographical references (p. 163-170).
|
| 533 |
|
|
|a Electronic reproduction. Ann Arbor, MI : ProQuest, 2015. Available via World Wide Web. Access may be limited to ProQuest affiliated libraries.
|
| 650 |
|
0 |
|a Education
|x Economic aspects
|z Mexico.
|
| 650 |
|
0 |
|a Information society
|z Mexico.
|
| 650 |
|
0 |
|a Information technology
|x Economic aspects
|z Mexico.
|
| 650 |
|
0 |
|a Technological innovations
|x Economic aspects
|z Mexico.
|
| 650 |
|
0 |
|a Technological innovations
|x Government policy
|z Mexico.
|
| 651 |
|
0 |
|a Mexico
|x Economic conditions
|y 1994-
|
| 651 |
|
0 |
|a Mexico
|x Economic policy
|y 1994-
|
| 655 |
|
4 |
|a Electronic books.
|
| 700 |
1 |
|
|a Dahlman, Carl J.,
|d 1950-
|
| 710 |
2 |
|
|a World Bank Institute.
|
| 710 |
2 |
|
|a ProQuest (Firm)
|
| 830 |
|
0 |
|a WBI development studies.
|
| 856 |
4 |
0 |
|u https://ebookcentral.proquest.com/lib/matrademy/detail.action?docID=459414
|z Click to View
|